LEADER 01265nam--2200361---450- 001 990003171540203316 005 20081107150432.0 010 $a978-88-04-56977-0 035 $a000317154 035 $aUSA01000317154 035 $a(ALEPH)000317154USA01 035 $a000317154 100 $a20081107h2008----km-y0itay50------ba 101 $aita 102 $aIT 105 $a||||||||001yy 200 1 $aDizionario del jazz$e[oltre 25000 voci su musicisti, discografie, produttori, critici, movimenti, stili, luoghi, strumenti, i jazzisti italiani accanto ai miti di tutto il mondo]$fPhilippe Carles, André Clergeat, Jean-Louis Comolli$g[edizione italiana a cura di Luca Conti] 210 $aMilano$cMondadori$d2008 215 $aXXV, 1409 p.$d20 cm 606 0 $aJazz$xEnciclopedie e dizionari$2BNCF 676 $a785.42 700 1$aCARLES,$bPhilippe$0468313 701 1$aCLERGEAT,$bAndré$0522416 701 1$aCOMOLLI,$bJean-Louis$0522417 801 0$aIT$bsalbc$gISBD 912 $a990003171540203316 951 $aXIII.3.D. 354$b192 L.G.$cXIII.3.$d00167496 959 $aBK 969 $aUMA 979 $aPAOLA$b90$c20081107$lUSA01$h1435 979 $aPAOLA$b90$c20081107$lUSA01$h1504 996 $aDizionario del jazz$91014677 997 $aUNISA LEADER 01223nam--2200373---450- 001 990002754600203316 005 20060613102452.0 035 $a000275460 035 $aUSA01000275460 035 $a(ALEPH)000275460USA01 035 $a000275460 100 $a20060613d1991----km-y0itay0103----ba 101 $aita 102 $aIT 105 $a||||||||001yy 200 1 $a<> analisi e le valutazioni di gestione$ei rapporti di gestione nelle Unita Sanitarie Locali dell'Emilia Romagna$fG. Virgilio, E. Roversi 210 $aBologna$cClueb$dc1991 215 $a338 p.$d22 cm 225 2 $aStrumenti gestionali ed organizzativi nell'azienda sanità$v3 410 0$12001$aStrumenti gestionali ed organizzativi nell'azienda sanità$v3 454 1$12001 461 1$1001-------$12001 606 0 $aUnità sanitarie locali$xGestione$yEmilia-Romagna 676 $a353.945400841 700 1$aVIRGILIO,$bGioia$0593468 701 1$aROVERSI,$bElena$0593469 801 0$aIT$bsalbc$gISBD 912 $a990002754600203316 951 $aP10 289$bDISTRA 959 $aBK 969 $aDISTRA 979 $aDISTRA2$b10$c20060613$lUSA01$h1024 996 $aAnalisi e le valutazioni di gestione$9998373 997 $aUNISA